Content and context of visual arts in the Islamic world : (Record no. 21485)

000 -LEADER
fixed length control field 01598cam a2200349 a 4500
001 - CONTROL NUMBER
control field 971765
005 - DATE AND TIME OF LATEST TRANSACTION
control field 20170121142247.0
008 - FIXED-LENGTH DATA ELEMENTS--GENERAL INFORMATION
fixed length control field 870708s1988 pauaf b s110 0 eng
010 ## - LIBRARY OF CONGRESS CONTROL NUMBER
LC control number 85043605
020 ## - INTERNATIONAL STANDARD BOOK NUMBER
International Standard Book Number 0271006145 :
Terms of availability $42.50
043 ## - GEOGRAPHIC AREA CODE
Geographic area code a------
-- ff-----
050 00 - LIBRARY OF CONGRESS CALL NUMBER
Classification number N6260 .C64 1980
111 2# - MAIN ENTRY--MEETING NAME
Meeting name or jurisdiction name as entry element Colloquium in Memory of Richard Ettinghausen
Date of meeting (1980 :
Location of meeting New York University)
245 10 - TITLE STATEMENT
Title Content and context of visual arts in the Islamic world :
Remainder of title papers from a Colloquium in Memory of Richard Ettinghausen, Institute of Fine Arts, New York University, 2-4 April 1980 /
Statement of responsibility, etc. planned and organized by Carol Manson Bier ; edited by Priscilla P. Soucek.
260 ## - PUBLICATION, DISTRIBUTION, ETC. (IMPRINT)
Place of publication, distribution, etc. University Park :
Name of publisher, distributor, etc. Published for the College Art Association of America by the Pennsylvania State University Press,
Date of publication, distribution, etc. 1988.
300 ## - PHYSICAL DESCRIPTION
Extent xxii, 261 p., [15] p. of plates :
Other physical details ill. ;
Dimensions 29 cm.
440 #0 - SERIES STATEMENT/ADDED ENTRY--TITLE
Title Monographs on the fine arts ;
Volume/sequential designation 44
504 ## - BIBLIOGRAPHY, ETC. NOTE
Bibliography, etc Includes bibliographies.
600 10 - SUBJECT ADDED ENTRY--PERSONAL NAME
Personal name Ettinghausen, Richard.
650 #0 - SUBJECT ADDED ENTRY--TOPICAL TERM
Topical term or geographic name as entry element Islamic art
Form subdivision Congresses.
700 1# - ADDED ENTRY--PERSONAL NAME
Personal name Bier, Carol.
700 1# - ADDED ENTRY--PERSONAL NAME
Personal name Soucek, Priscilla Parsons.
700 1# - ADDED ENTRY--PERSONAL NAME
Personal name Ettinghausen, Richard.
710 2# - ADDED ENTRY--CORPORATE NAME
Corporate name or jurisdiction name as entry element New York University.
Subordinate unit Institute of Fine Arts.
856 42 - ELECTRONIC LOCATION AND ACCESS
Materials specified Publisher description
Uniform Resource Identifier <a href="http://www.loc.gov/catdir/enhancements/fy1309/85043605-d.html">http://www.loc.gov/catdir/enhancements/fy1309/85043605-d.html</a>
942 ## - ADDED ENTRY ELEMENTS (KOHA)
Source of classification or shelving scheme
Koha item type Hard Covered Materials
Holdings
Withdrawn status Lost status Source of classification or shelving scheme Damaged status Not for loan Home library Current library Shelving location Date acquired Source of acquisition Total Checkouts Full call number Barcode Date last seen Price effective from Koha item type
          MACHAKOS UNIVERSITY LIBRARY MACHAKOS UNIVERSITY LIBRARY Open shelf 21/01/2017 Donation(BFA)   N 6260 .C64 1980 31212 21/01/2017 21/01/2017 Hard Covered Materials
© Machakos University Library, Along The Highway, Machakos Wote Rd, Machakos, Kenya P.O. Box 136 - 90100 Machakos - Kenya

Tel: ( +254 ) 723 805829 OR Fax : 044-20353 OR Email: library@mksu.ac.ke